|
|
|
|
| LEADER |
01169nam a22003017a 4500 |
| 001 |
39570 |
| 003 |
BD-DhAAL |
| 008 |
220905t2021 SZ b 001|0|eng|d |
| 999 |
|
|
|c 44822
|d 44822
|
| 020 |
|
|
|a 9783030689100 (pbk)
|
| 020 |
|
|
|a 9783030689070 (hbk)
|
| 020 |
|
|
|a 9783030689087 (eBook)
|
| 040 |
|
|
|a BD-DhAAL
|c BD-DhAAL
|
| 082 |
|
|
|a 809
|2 23
|
| 100 |
|
|
|a Carter, Sarah,
|d 1978-
|e author.
|9 51269
|
| 245 |
|
|
|a Early modern intertextuality /
|c Sarah Carter.
|
| 260 |
|
|
|a Cham, Switzerland :
|b Palgrave macmillan,
|c 2021.
|
| 300 |
|
|
|a ix, 118 pages ;
|c 22 cm.
|
| 490 |
|
|
|a Early modern literature in history.
|
| 504 |
|
|
|a Includes bibliographical references and index.
|
| 526 |
|
|
|a ENH
|
| 541 |
|
|
|a Paragon Enterprises LTD
|e 39570
|
| 650 |
|
|
|a Intertextuality.
|9 51270
|
| 650 |
|
|
|a Literature, Modern
|x History and criticism.
|9 51271
|
| 830 |
|
|
|a Early modern literature in history.
|9 51272
|
| 852 |
|
|
|a Ayesha Abed Library
|c General Stacks
|
| 942 |
|
|
|2 ddc
|c BK
|
| 952 |
|
|
|0 0
|1 0
|2 ddc
|4 0
|6 809_000000000000000_CAR
|7 0
|9 71752
|a BRACUL
|b BRACUL
|c GEN
|d 2022-08-30
|e Paragon Enterprises LTD
|g 4895.00
|l 1
|m 1
|o 809 CAR
|p 3010039570
|r 2023-05-29
|s 2022-12-06
|t 1
|v 4895.00
|w 2022-08-30
|y BK
|